000 00973nam a22002297a 4500
999 _c158186
_d158186
005 20181020112552.0
010 _aB-710592
020 _a9789311129204
_c460.00
035 _aB-710592
037 _adpl
_bRk Books
100 _aSharma, Prajjwal
245 _aIAS mains general studies paper 2 :
_cby Prajjwal Sarma, Yashwant Singh Rana [and] Mohit Sharma edited by Priya Goyal
_bgovernance constitution, polity social justice & international relations /
260 _aNew Delhi
_bArihant Publications(India ) Limited
_c201?
270 _a4577/15, Agarwal Road, Daryaganj
_bNew Delhi
_e110002
_k011-47630600
_l-
_m-
300 _a664p.
_bill.
_c27cm(pbk)
500 _awith previous Years' Questions 2016-13
700 _aRana, Yashwant Singh
700 _a Sharma, Mohit
710 _aGoyal, Priya ed
942 _2ddc
_cEN
_h000
_mIAS